Anglicismos en el idioma Español de Madrid

Uloženo v:
Podrobná bibliografie
Hlavní autor: Fonfrías, Ernesto Juan
Médium: Kniha
Jazyk:Undetermined
Vydáno: Puerto Rico Editorial Club de la prensa 1968
Témata:
Tagy: Přidat tag
Žádné tagy, Buďte první, kdo vytvoří štítek k tomuto záznamu!

MARC

LEADER 00000nam a2200000Ia 4500
008 170316s9999 xx 000 0 und d
090 |a 410 F-3a 
100 |a Fonfrías, Ernesto Juan 
245 |a Anglicismos en el idioma Español de Madrid 
260 |a Puerto Rico 
260 |b Editorial Club de la prensa 
260 |c 1968 
300 |a 96 páginas 
650 |a LINGÜÍSTICA 
999 |c 18370  |d 18370 
040 |a cru BVZT 
942 |c 15 D  |h 410 F-3a  |2 z